00456cam a22001097a 4500008004000000082003000040100002500070245012500095260005900220300000900279440005800288180718b1972 xxu||||| |||| 00| 0 eng d aA81x54 In2/71/5/PT10A&B/S aCensus of India 1971 aGujarat district census handbook, Sabar Kantha: town and village directory, village and townwise primary census abstract aAhmedabadbThe Director, Printing and Stationeryc1972 av.p. aCensus of India 1971. Series-5, Gujarat. Part X-A & B